00565nam a2200145 a 450000100100000000500170001000800410002704000250006810000460009324500720013926000570021130000280026895201060029699900170040200003777320201002031119.0130306s1999 sp a 000 0 spa d aDO-SdBNPbspacBNPHU1 aAgúndez García, José Antonio96422310a10 happenings de wolf vostell /cJosé Antonio Agúndez García. aEspaña :bEditora Regional de Extremadura ,c1999. a376 p. :bil. ;c24 cm. 0010507-18MOaGRbGRcOId2013-03-06iLF1l0o p37773-10r2020-06-25w2020-06-25y1ZNo se presta c37263d37263